000 00600nam a2200217Ia 4500
003 OSt
005 20220924133913.0
006 a|||||r|||| 00| 0
007 ta
008 220923b |||||||| |||| 00| 0 per d
024 _a270397
037 _cTextual
040 _aARTS
_cARTS
_bper
041 _2per
_aper
082 _aO164,1L97x, 111N9
100 _aGhalib
245 0 _aSelection from the persian ghazals eng tr by Ralph Russell and urdu tr by Iftikhar Ahmad Adani
260 _c1999
942 _hO164,1L97x, 111N9
_cTEXL
_2CC
999 _c435673
_d435673